| 000 | 00450cam a2200157ua 4500 | ||
|---|---|---|---|
| 020 | _a978818321139 | ||
| 082 |
_a631.56 _bSUR/PO |
||
| 100 |
_aSuresh Kumar, P . _91437 |
||
| 100 |
_aKanwat, Manish . _91438 |
||
| 100 |
_aSagar, V.R . _91439 |
||
| 245 | _aPost Harvest Physiology and Quality Management of Fruits and Vegetables / | ||
| 250 | _a1 st | ||
| 260 |
_aUdaipur : _bAgro-tech Publishing Academy , _c2009. |
||
| 300 | _a ; . | ||
| 942 | _cBK | ||
| 999 |
_c13433 _d13433 |
||